La retorica. Storia e teoria, L'arte della persuasione da Aristotele ai giorni nostri.

-д хадгалсан:
Номзүйн дэлгэрэнгүй
Үндсэн зохиолч: Barilli, Renato (autore)
Формат: Ном
Хэл сонгох:англи
Хэвлэсэн: Bologna, Italia: Logo Fausto Lupetti, 2011?
Цуврал:Scienze della comunicazione.
Нөхцлүүд:
Шошгууд: Шошго нэмэх
Шошго байхгүй, Энэхүү баримтыг шошголох эхний хүн болох!

MARC

LEADER 00000nam a22000007a 4500
003 CL-VaPUC
005 20220822114518.0
008 220623t2011 ||||| |||| 00| 0 eng d
999 |c 436254  |d 436252 
020 |a 978-88-95962-84-9 
040 |c Pontificia Universidad Católica de Valparaíso 
082 7 |a 808 BAR 2011?  |2 22 
100 1 |a Barilli, Renato  |e autore  |9 871300 
245 3 |a La retorica.   |b Storia e teoria, L'arte della persuasione da Aristotele ai giorni nostri.  
260 |a Bologna, Italia:  |b Logo Fausto Lupetti,   |c 2011? 
300 |a 200 páginas.  
490 |a Scienze della comunicazione. 
500 |a c.1 Donación Familia Prof. Alejandro Guzmán Brito. 
505 |a Aristotele, Cicerone, Quintiliano, Pascal, Vico, McLuhan, Perelman 
583 |c 20220623  |k Cristina María Rojas Aguilar 
650 |a Retórica   |9 266620 
650 |a Retórica   |x Historia  |9 871301 
942 |2 ddc  |c BK  |n 0 
952 |0 0  |1 0  |2 ddc  |4 0  |6 808_000000000000000_BAR_2011  |7 1  |8 C_AGB  |9 583985  |a BIBDER  |b BIBDER  |d 2022-06-23  |e Donación   |i 5652060  |o 808 BAR 2011?  |p 5652060  |r 2023-01-25  |t 1  |w 2022-06-23  |y BK_US  |k AGB